Normal view
MARC view
Entry Personal Name
001 - CONTROL NUMBER
- control field: 11009
003 - CONTROL NUMBER IDENTIFIER
- control field: BD-DhEWU
005 - DATE AND TIME OF LATEST TRANSACTION
- control field: 20140604111156.0
008 - FIXED-LENGTH DATA ELEMENTS
- fixed length control field: 140604|| aca||aabn | a|a d
040 ## - CATALOGING SOURCE
- Original cataloging agency: BD-DhEWU
- Transcribing agency: BD-DhEWU
100 ## - HEADING--PERSONAL NAME
- Personal name: Luehrman, Timothy A.
670 ## - SOURCE DATA FOUND
- Source citation: Work cat.: (BD-DhEWU)5316: Kester, W. Carl. 11007, Case problems in international finance /, c1993.